000 00639nam a2200229Ia 4500
005 20250108124938.0
008 008 250107s9999 xx 000 0 eng d
020 _a978-81-89918-48-1
037 _aTB
040 _aCRL
_beng
_cCRL
041 _aeng
_2eng
084 _aO168,4NSA7x R1
084 _qCRL
100 _aDurrani Asad Au.
_9730123
245 0 _aPakistan adrift: navigating troubled waters
_cDurrani Asad Au.
260 _aChennai, India
_bHurst & Co.
_c2772
300 _axx,273p.
365 _aINR
_b300
650 _aPAKISTAN - HISTORY
942 _cTB
_hO168,4NSA7x R1
999 _c1235160
_d1235160